000 00645nam a2200241 i 4500
001 C2-0314440
003 PPAK
005 20180728110124.0
008 120108s1993 my |||| ||||| | may d
020 _a9836228438
040 _aPPAK
_beng
_cPPAK
_erda
082 0 4 _a899.233
_223
090 0 0 _a899.233
_bKHA
_dKIH
100 0 _aKhairudin ayip,
_eauthor
245 1 0 _aSongket berbenang emas
264 1 _aKuala Lumpur :
_bDewan Bahasa dan Pustaka ,
_c1993
300 _a316 pages ;
_c18 cm
336 _2rdacontent
_atext
337 _2rdamedia
_aunmediated
338 _2rdacarrier
_avolume
650 1 0 _aMalay fiction
942 _ddc
_cB
999 _c115861
_d115861